000 00611nam a2200169 a 4500
001 000042474
005 20201002040158.0
008 131204s2007 sp o 000 0 spa d
020 _a9788461180042
040 _aDO-SdBNP
_bspa
_cBNPHU
100 1 _aSanchidrián Gallego, Jesús Ma. J.
_969422
245 1 0 _aAvileños :
_bel trato de los animales de labor, fotografías /
_cJesús Ma. J. Sanchidrián Gallego.
260 _aPiedra Caballera, España :
_bÁvila,
_c2007.
300 _a222 p. :
_bfot. ;
_c18 cm.
490 1 _aEstampas de la tierra de Ávila
_v5
830 0 _aEstampas de la tierra de Ávila
_v5
_969423
999 _c41963
_d41963